zpět

Detail výsledku týmu

Pivovarský Dvůr ST, Liberec

Datum a čas kvízu

14.5 Celkem bodů Celkový počet nahraných bodů na tomto kvízu bez doplňovacích otázek.
5. Pořadí na kvízu Konečné umístění týmu na tomto kvízu.

Zaznamenané odpovědi

# Otázka Odpověď Body Výsledky
1. Část ulice u ruského velvyslan... Ukrajinských hrdinů 0
2. Obchod se suvenýry v rezidenci... C 1
3. Ve čtvrtek měl premiéru český... Kryštof Hádek, Vladimír Pokorný 0
4. Jeden český státní podnik, kte... České dráhy 0
5. Jedna z nejlepších tenistek so... Ashleigh Bartyová 0
6. Budeme se zabývat pěti filmy,... Elijah Wood, Pán prstenů: Dvě věže 0
7. Film Mr. & Mrs. Smith, něk... B) John a Jane 1
8. Paní Wilberforceová je výstřed... Lupiči paní domácí 0
9. Satirická komedie Zdeňka Podsk... C) Irena Kačírková 0
10. V roce 2009 vznikl animovaný f... Lišák 0